| 000 | 01331cab a2200457 4500 | ||
|---|---|---|---|
| 001 | ABS54907 | ||
| 008 | 090401t1996 xxu||||| |||| 00| 0 eng d | ||
| 035 | _a(Sirsi) u12974 | ||
| 041 | _aeng | ||
| 245 | _aEstates Times survey: South and West Yorkshire | ||
| 260 | _c1996 | ||
| 350 | _a0 | ||
| 490 |
_aEstates Times _v(1321) 19 April 1996, 11-29(19) |
||
| 650 | _aBRADFORD | ||
| 650 | _aDEARNE VALLEY PARTNERSHIP | ||
| 650 | _aDONCASTER | ||
| 650 | _aHALIFAX | ||
| 650 | _aHEADQUARTERS BUILDINGS | ||
| 650 | _aHUDDERSFIELD | ||
| 650 | _aINDUSTRIAL MARKET | ||
| 650 | _aLEEDS DEVELOPMENT AGENCY | ||
| 650 | _aLEEDS | ||
| 650 | _aLEISURE MARKET | ||
| 650 | _aLOWER DON VALLEY | ||
| 650 | _aMEADOWHALL SHOPPING CENTRE | ||
| 650 | _aMOOR SHOPPING MALL | ||
| 650 | _aPROPERTY-COMMERCIAL PROPERTY-OFFICE PROPERTY-OFFICE PROPERTY MARKET | ||
| 650 | _aPUBLIC TRANSPORT | ||
| 650 | _aPROPERTY-COMMERCIAL PROPERTY-RETAIL PROPERTY-RETAIL PROPERTY MARKET | ||
| 650 | _aRETAIL WAREHOUSING | ||
| 650 | _aROTHERHAM | ||
| 650 | _aSHEFFIELD | ||
| 650 | _aSOUTH YORKSHIRE | ||
| 650 | _aURBAN REGENERATION | ||
| 650 | _aWAKEFIELD EUROPORT | ||
| 650 | _aWEST YORKSHIRE | ||
| 650 | _aYORKSHIRE | ||
| 690 | _aPROPERTY-COMMERCIAL PROPERTY-COMMERCIAL PROPERTY MARKET | ||
| 942 | _n0 | ||
| 948 | _c04/03/1997 | ||
| 999 |
_c8335 _d8335 |
||